[Event "Prague Summer op 1st"]
[Site "Prague"]
[Date "2014.08.11"]
[Round "3"]
[White "Hoppe, Michael"]
[Black "Kucera, Tomas"]
[Result "0-1"]
[WhiteElo "1743"]
[BlackElo "1985"]
[PlyCount "68"]
[EventDate "2014.08.09"]
[EventType "swiss"]
[EventRounds "9"]
[EventCountry "CZE"]
[SourceTitle "CBM 162 Extra"]
[Source "ChessBase"]
[SourceDate "2014.10.17"]
[SourceVersion "1"]
[SourceVersionDate "2014.10.17"]
[SourceQuality "1"]

1. d4 Nf6 2. Bf4 d6 3. Nc3 c6 4. Qd2 b5 5. e4 b4 6. Nd1 Nxe4 7. Qxb4 Na6 8. Qa4 Qb6 9. d5 Qb4+ 10. Qxb4 Nxb4 11. Ne3 Nxd5 12. Nxd5 cxd5 13. Be3 e5 14. 0-0-0 d4 15. f3 Nc5 16. Bf2 Be6 17. Bb5+ Ke7 18. Ne2 Rb8 19. a4 a6 20. Bc6 Rc8 21. Be4 f5 22. Bd3 Nxd3+ 23. Rxd3 Bc4 24. Rd2 g6 25. Re1 Bh6 26. f4 Bxe2 27. Rdxe2 d3 28. Rd2 Bxf4 29. Be3 Bxe3 30. Rxe3 Rxc2+ 31. Rxc2 dxc2 32. Kxc2 Rc8+ 33. Kd3 Ke6 34. b4 Kd5 0-1

[Event "GER-chT North U16"]
[Site "Greifswald"]
[Date "2013.09.14"]
[Round "5.3"]
[White "Hoppe, Michael"]
[Black "Hesse, Henrik"]
[Result "1-0"]
[WhiteElo "1596"]
[BlackElo "1512"]
[PlyCount "107"]
[EventDate "2013.09.12"]
[EventType "team-swiss"]
[EventRounds "7"]
[EventCountry "GER"]
[SourceTitle "EXT 2014"]
[Source "ChessBase"]
[SourceDate "2013.11.20"]
[SourceVersion "1"]
[SourceVersionDate "2013.11.20"]
[SourceQuality "1"]
[WhiteTeam "Hagen"]
[BlackTeam "Treptow"]
[WhiteTeamCountry "GER"]
[BlackTeamCountry "GER"]

1. d4 Nf6 2. f3 g6 3. Bf4 Bg7 4. Nc3 d6 5. Qd2 0-0 6. 0-0-0 c6 7. g4 b5 8. h4 Nbd7 9. Bh6 b4 10. Nb1 a5 11. h5 Ne8 12. hxg6 fxg6 13. Bxg7 Nxg7 14. Qh6 Kf7 15. Nh3 Nf6 16. Ng5+ Kg8 17. Nxh7 Nxh7 18. Qxh7+ Kf7 19. Rh6 Rg8 20. Qxg6+ Kf8 21. Rh7 Bd7 22. e4 Be8 23. Qh6 a4 24. Bc4 d5 25. exd5 cxd5 26. Bd3 Qc7 27. c3 a3 28. b3 bxc3 29. Kc2 Rb8 30. g5 Rb6 31. g6 Qg3 32. Nxc3 Bxg6 33. Bxg6 Rxg6 34. Qh3 Qxh3 35. Rxh3 Rd6 36. b4 Nf5 37. Rd3 Kf7 38. Kb3 Ra8 39. Rh2 e6 40. Nb5 Rc6 41. Nxa3 Rb8 42. Rc2 Rcb6 43. Rc7+ Kg6 44. Nc2 Nd6 45. a4 Nc4 46. Ra7 Kg5 47. b5 Kf6 48. Na3 Nd6 49. Kb4 Nf5 50. Rb3 e5 51. dxe5+ Kxe5 52. Kc5 R6b7 53. f4+ Ke4 54. Rb4+ 1-0

[Event "Niedersachsen-ch op-C"]
[Site "Verden"]
[Date "2013.01.06"]
[Round "7"]
[White "Von Muenchhausen, Joerg"]
[Black "Hoppe, Michael"]
[Result "1/2-1/2"]
[WhiteElo "1821"]
[BlackElo "1519"]
[PlyCount "20"]
[EventDate "2013.01.03"]
[EventType "swiss"]
[EventRounds "7"]
[EventCountry "GER"]
[SourceTitle "EXT 2021"]
[Source "ChessBase"]
[SourceDate "2020.10.23"]
[SourceVersion "1"]
[SourceVersionDate "2020.10.23"]
[SourceQuality "1"]

1. d4 d5 2. c4 e6 3. Nc3 Nf6 4. Bg5 Be7 5. Bxf6 Bxf6 6. e3 c6 7. Nf3 Nd7 8. Bd3 0-0 9. h4 dxc4 10. Bxh7+ Kh8 1/2-1/2

[Event "Niedersachsen-ch op-C"]
[Site "Verden"]
[Date "2013.01.03"]
[Round "2"]
[White "Hoppe, Michael"]
[Black "Rossberg, Jonathan"]
[Result "1-0"]
[WhiteElo "1519"]
[BlackElo "1319"]
[PlyCount "39"]
[EventDate "2013.01.03"]
[EventType "swiss"]
[EventRounds "7"]
[EventCountry "GER"]
[SourceTitle "EXT 2021"]
[Source "ChessBase"]
[SourceDate "2020.10.23"]
[SourceVersion "1"]
[SourceVersionDate "2020.10.23"]
[SourceQuality "1"]

1. d4 e6 2. Bf4 b6 3. Nc3 Bb7 4. Qd2 Nf6 5. f3 Bb4 6. e4 Bxe4 7. fxe4 Nxe4 8. Qe3 d5 9. Nge2 c5 10. 0-0-0 Nxc3 11. Nxc3 Qf6 12. Nb5 Na6 13. Nd6+ Kd7 14. Bxa6 cxd4 15. Bb5+ Ke7 16. Qg3 h6 17. Rhf1 g5 18. Be5 Qg6 19. Rxf7+ Kd8 20. Rd7# 1-0

[Event "Niedersachsen-ch op-C"]
[Site "Verden"]
[Date "2013.01.03"]
[Round "1"]
[White "Mildner, Rudi"]
[Black "Hoppe, Michael"]
[Result "0-1"]
[WhiteElo "1149"]
[BlackElo "1519"]
[PlyCount "48"]
[EventDate "2013.01.03"]
[EventType "swiss"]
[EventRounds "7"]
[EventCountry "GER"]
[SourceTitle "EXT 2021"]
[Source "ChessBase"]
[SourceDate "2020.10.23"]
[SourceVersion "1"]
[SourceVersionDate "2020.10.23"]
[SourceQuality "1"]

1. e4 Nc6 2. Nf3 d5 3. exd5 Qxd5 4. a3 Bg4 5. Be2 e5 6. Nc3 Qd7 7. d3 0-0-0 8. Be3 Nf6 9. Bg5 h6 10. Bxf6 gxf6 11. Qd2 f5 12. h3 Bxf3 13. gxf3 h5 14. Rg1 Bh6 15. Qd1 Rhg8 16. Rxg8 Rxg8 17. Bf1 Rg1 18. Qe2 Nd4 19. Qd1 Qc6 20. Ne4 fxe4 21. c3 Nxf3+ 22. Ke2 Nd2 23. h4 exd3+ 24. Kxd3 Qe4# 0-1

[Event "GER-chT North U14"]
[Site "Magdeburg"]
[Date "2012.09.06"]
[Round "1.2"]
[White "Hoppe, Michael"]
[Black "Trotzke, Johannes"]
[Result "1/2-1/2"]
[WhiteElo "1640"]
[BlackElo "1351"]
[PlyCount "102"]
[EventDate "2012.09.06"]
[EventType "team-swiss"]
[EventRounds "7"]
[EventCountry "GER"]
[SourceTitle "EXT 2015"]
[Source "ChessBase"]
[SourceDate "2014.11.20"]
[SourceVersion "1"]
[SourceVersionDate "2014.11.20"]
[SourceQuality "1"]
[WhiteTeam "Hagen"]
[BlackTeam "Berlin Empor"]
[WhiteTeamCountry "GER"]
[BlackTeamCountry "GER"]

1. d4 d5 2. Bf4 Nf6 3. Nc3 e6 4. f3 a6 5. e3 c5 6. Nge2 Nc6 7. Qd2 b5 8. dxc5 Bxc5 9. Nd4 Nxd4 10. exd4 Bb6 11. a4 Bd7 12. axb5 axb5 13. Rxa8 Qxa8 14. Bxb5 Qa1+ 15. Qc1 Qxc1+ 16. Bxc1 Bxd4 17. Bxd7+ Kxd7 18. Nb5 Bb6 19. Bf4 Ra8 20. Kd2 Ra5 21. Na3 Ra4 22. Be5 Ne8 23. Rc1 f6 24. Bg3 Nd6 25. Bxd6 Kxd6 26. c4 Bc5 27. Nb5+ Kc6 28. b3 Ra2+ 29. Rc2 Bb4+ 30. Nc3 Ra3 31. cxd5+ exd5 32. Kc1 Bxc3 33. Rxc3+ Kd6 34. Kd2 d4 35. Rc4 Kd5 36. Rb4 Ra2+ 37. Kd3 Rxg2 38. Rxd4+ Ke6 39. h4 Rf2 40. Ke3 Rb2 41. b4 Rb3+ 42. Kf4 h6 43. Kg4 Ke5 44. Re4+ Kd6 45. f4 Rb1 46. f5 Rb2 47. Kh5 Kd5 48. Rg4 Ke5 49. Kg6 h5 50. Kxh5 Kxf5 51. Rxg7 Rxb4 1/2-1/2

[Event "GER-ch U25 op-B"]
[Site "Oberhof"]
[Date "2012.05.29"]
[Round "4"]
[White "Hoppe, Michael"]
[Black "Silber, Kevin"]
[Result "1/2-1/2"]
[WhiteElo "1426"]
[BlackElo "1196"]
[PlyCount "99"]
[EventDate "2012.05.27"]
[EventType "swiss"]
[EventRounds "9"]
[EventCountry "GER"]
[SourceTitle "CBM 148 Extra"]
[Source "ChessBase"]
[SourceDate "2012.06.22"]
[SourceVersion "1"]
[SourceVersionDate "2012.06.22"]
[SourceQuality "1"]

1. d4 g6 2. Bf4 d6 3. e3 a6 4. Bc4 Bg7 5. Nc3 Nd7 6. Nge2 c5 7. Bg3 Ngf6 8. a4 Rb8 9. 0-0 0-0 10. Qd2 b6 11. f3 Bb7 12. e4 cxd4 13. Nxd4 e5 14. Nde2 Qc7 15. Bb3 Nc5 16. Bd5 Nxd5 17. Nxd5 Qd8 18. Rfd1 Re8 19. Bf2 a5 20. Ndc3 Re6 21. Nb5 Bf8 22. Bxc5 bxc5 23. c4 Ba8 24. Nec3 h5 25. Nd5 Rc8 26. Qc2 g5 27. Qd2 f6 28. h3 Kh7 29. g4 h4 30. Ne3 Qb6 31. Qe2 Rd8 32. Rd3 Bb7 33. Nf5 Ba6 34. Qe1 Kg6 35. Rad1 Kf7 36. Qd2 Bxb5 37. axb5 Kg6 38. Ra1 Ra8 39. Rda3 Be7 40. Qd5 Kf7 41. Qxa8 d5 42. Qxd5 Bd8 43. Qd7+ Kf8 44. Rd3 Re7 45. Qxd8+ Qxd8 46. Rxd8+ Re8 47. Rxe8+ Kxe8 48. Rxa5 Kd7 49. Ra7+ Ke6 50. b6 1/2-1/2

[Event "Niedersachsen-ch op-B"]
[Site "Verden"]
[Date "2012.01.05"]
[Round "7"]
[White "Tenninger, Joerg"]
[Black "Hoppe, Michael"]
[Result "0-1"]
[WhiteElo "1640"]
[BlackElo "1375"]
[PlyCount "70"]
[EventDate "2012.01.02"]
[EventType "swiss"]
[EventRounds "7"]
[EventCountry "GER"]
[SourceTitle "EXT 2021"]
[Source "ChessBase"]
[SourceDate "2020.10.23"]
[SourceVersion "1"]
[SourceVersionDate "2020.10.23"]
[SourceQuality "1"]

1. d4 e6 2. c4 Nf6 3. Nc3 d5 4. Bg5 Be7 5. e3 Nbd7 6. Nf3 0-0 7. Rc1 h6 8. Bh4 b6 9. a3 Bb7 10. b4 c5 11. dxc5 bxc5 12. Na2 cxb4 13. axb4 dxc4 14. Bxc4 Nb6 15. Be2 Bd5 16. Bxf6 gxf6 17. Ra1 Bxa2 18. Rxa2 Bxb4+ 19. Kf1 Qxd1+ 20. Bxd1 Nd5 21. Nd4 Rfc8 22. Nc2 a5 23. g3 Nc3 24. Ra1 Nxd1 25. Nxb4 Nxe3+ 26. fxe3 axb4 27. Rb1 Rcb8 28. Ke2 Ra2+ 29. Kd3 Ra3+ 30. Kd4 b3 31. Rhf1 Kg7 32. Rf2 Ra2 33. Rbb2 Rxb2 34. Rxb2 Kg6 35. Kc3 Kf5 0-1

[Event "Niedersachsen-ch op-B"]
[Site "Verden"]
[Date "2012.01.04"]
[Round "5"]
[White "Merettig, Georg"]
[Black "Hoppe, Michael"]
[Result "1-0"]
[WhiteElo "1930"]
[BlackElo "1375"]
[PlyCount "57"]
[EventDate "2012.01.02"]
[EventType "swiss"]
[EventRounds "7"]
[EventCountry "GER"]
[SourceTitle "EXT 2021"]
[Source "ChessBase"]
[SourceDate "2020.10.23"]
[SourceVersion "1"]
[SourceVersionDate "2020.10.23"]
[SourceQuality "1"]

1. Nc3 e5 2. b3 Nf6 3. e4 Bc5 4. Bb2 d6 5. Nf3 Bg4 6. h3 Bh5 7. g4 Bg6 8. d3 Nbd7 9. Na4 Bb6 10. Nxb6 axb6 11. Nh4 Qe7 12. Be2 Nf8 13. Nf5 Bxf5 14. gxf5 d5 15. Bf3 d4 16. a4 Qb4+ 17. Qd2 Qxd2+ 18. Kxd2 N8d7 19. c3 c5 20. cxd4 exd4 21. e5 Nxe5 22. Rhe1 Nfd7 23. Bxb7 Rb8 24. Be4 0-0 25. f4 Nxd3 26. Bxd3 Nf6 27. Re5 Nh5 28. Rf1 f6 29. Re7 1-0

[Event "GER-chB U25"]
[Site "Oberhof"]
[Date "2011.06.12"]
[Round "1"]
[White "Hoppe, Andreas"]
[Black "Hoppe, Michael"]
[Result "0-1"]
[WhiteElo "1307"]
[BlackElo "1098"]
[PlyCount "112"]
[EventDate "2011.06.11"]
[EventType "swiss"]
[EventRounds "9"]
[EventCountry "GER"]
[SourceTitle "CBM 142 Extra"]
[Source "ChessBase"]
[SourceDate "2011.06.27"]
[SourceVersion "1"]
[SourceVersionDate "2011.06.27"]
[SourceQuality "1"]

1. d4 d5 2. Nc3 Nf6 3. f3 Bf5 4. Bf4 e6 5. e3 Nbd7 6. Bd3 Bg6 7. Nge2 c5 8. Qd2 Nh5 9. g4 Nxf4 10. Nxf4 Qh4+ 11. Qf2 Qxf2+ 12. Kxf2 c4 13. Bxg6 hxg6 14. Nce2 g5 15. Ng2 g6 16. h4 gxh4 17. Rxh4 Rxh4 18. Nxh4 Be7 19. Rh1 0-0-0 20. Ng2 Rf8 21. Rh7 Bd8 22. Nef4 g5 23. Nh3 f5 24. Kg3 Bc7+ 25. f4 fxg4 26. Kxg4 Nf6+ 27. Kxg5 Nxh7+ 28. Kg6 Rg8+ 29. Kxh7 Rxg2 30. Ng5 Kd7 31. Kg6 Bd8 32. Kh6 Bxg5+ 33. fxg5 Ke7 34. Kg6 Rxc2 35. Kh7 Kf7 36. g6+ Kf6 37. g7 Rh2+ 38. Kg8 Rg2 39. Kf8 Rxg7 40. Ke8 e5 41. dxe5+ Kxe5 42. Kd8 Kd6 43. Kc8 Kc6 44. Kb8 Kb6 45. Kc8 Re7 46. Kd8 Rxe3 47. Kc8 d4 48. Kd7 d3 49. Kd6 d2 50. Kd5 d1Q+ 51. Kxc4 Qg4+ 52. Kd5 Rf3 53. Ke5 Rf5+ 54. Ke6 Qg6+ 55. Ke7 Rf7+ 56. Ke8 Qg8# 0-1

[Event "Hessen-ch Gr-C"]
[Site "Idstein"]
[Date "2009.04.11"]
[Round "6"]
[White "Hoppe, Michael"]
[Black "Wachtel, Johann"]
[Result "0-1"]
[WhiteElo "1935"]
[BlackElo "1712"]
[PlyCount "45"]
[EventDate "2009.04.08"]
[EventType "swiss"]
[EventRounds "7"]
[EventCountry "GER"]
[SourceTitle "EXT 2010"]
[Source "ChessBase"]
[SourceDate "2010.11.25"]
[SourceVersion "1"]
[SourceVersionDate "2010.11.25"]
[SourceQuality "1"]

1. c4 f5 2. Nc3 g6 3. d4 Bg7 4. Nf3 c6 5. Bf4 Nf6 6. Qc1 0-0 7. Bh6 d6 8. Bxg7 Kxg7 9. e3 Qa5 10. Qd2 e5 11. dxe5 dxe5 12. Qd6 Re8 13. b4 Qa3 14. Nd1 a5 15. Qc7+ Nbd7 16. Qd6 Qxb4+ 17. Qxb4 axb4 18. Be2 c5 19. 0-0 e4 20. Nd2 Ne5 21. Nb2 Rd8 22. Nb3 b6 23. Rfd1 0-1

[Event "Hessen-ch Gr-C"]
[Site "Idstein"]
[Date "2009.04.09"]
[Round "2"]
[White "Hoppe, Michael"]
[Black "Bolduan, Michael"]
[Result "1/2-1/2"]
[WhiteElo "1935"]
[BlackElo "1883"]
[PlyCount "37"]
[EventDate "2009.04.08"]
[EventType "swiss"]
[EventRounds "7"]
[EventCountry "GER"]
[SourceTitle "EXT 2010"]
[Source "ChessBase"]
[SourceDate "2010.11.25"]
[SourceVersion "1"]
[SourceVersionDate "2010.11.25"]
[SourceQuality "1"]

1. c4 f5 2. Nc3 Nf6 3. g3 e6 4. Bg2 d5 5. d4 c6 6. cxd5 exd5 7. Nf3 Bd6 8. 0-0 0-0 9. Bg5 Qe8 10. Bxf6 Rxf6 11. e3 Nd7 12. Ne2 Rh6 13. Nf4 Nf6 14. h3 Ne4 15. Kh2 g5 16. Nd3 Be6 17. Nfe5 Rc8 18. Rc1 Rc7 19. f3 1/2-1/2

[Event "Hessen-ch qual-C"]
[Site "Erlensee"]
[Date "2007.04.06"]
[Round "5"]
[White "Hoppe, Michael"]
[Black "Koculak, Eduard"]
[Result "1/2-1/2"]
[WhiteElo "1970"]
[BlackElo "1752"]
[PlyCount "51"]
[EventDate "2007.04.04"]
[EventType "swiss"]
[EventRounds "7"]
[EventCountry "GER"]
[SourceTitle "CBM 117 Extra"]
[Source "ChessBase"]
[SourceDate "2007.05.09"]
[SourceVersion "1"]
[SourceVersionDate "2007.05.09"]
[SourceQuality "1"]

1. c4 e6 2. Nc3 d5 3. e3 Nf6 4. Nf3 c6 5. b3 Nbd7 6. Bb2 Be7 7. Be2 0-0 8. 0-0 b6 9. d4 Bb7 10. cxd5 cxd5 11. Rc1 Rc8 12. Bd3 Ne4 13. Nd2 f5 14. f3 Nd6 15. Qe2 Nf6 16. Ba6 Bxa6 17. Qxa6 Qd7 18. Qe2 Qb7 19. Rfe1 Rfe8 20. Qd3 Bf8 21. e4 dxe4 22. fxe4 fxe4 23. Ncxe4 Nfxe4 24. Rxc8 Rxc8 25. Nxe4 Nxe4 26. Rxe4 1/2-1/2

[Event "Hessen-chA"]
[Site "Marburg"]
[Date "2006.04.09"]
[Round "2.14"]
[White "Hoppe, Michael"]
[Black "Beyertt, Torsten"]
[Result "1/2-1/2"]
[WhiteElo "1973"]
[BlackElo "1611"]
[PlyCount "34"]
[EventDate "2006.04.08"]
[EventType "swiss"]
[EventRounds "9"]
[EventCountry "GER"]
[SourceTitle "EXT 2007"]
[Source "ChessBase"]
[SourceDate "2006.11.23"]
[SourceVersion "1"]
[SourceVersionDate "2006.11.23"]
[SourceQuality "1"]

1. c4 e5 2. Nc3 Nc6 3. g3 Nf6 4. Bg2 Bb4 5. Nf3 0-0 6. 0-0 e4 7. Ng5 Bxc3 8. dxc3 Re8 9. Qc2 Qe7 10. Nh3 h6 11. Nf4 Qc5 12. b3 d6 13. Be3 Qe5 14. Rad1 Be6 15. Bd4 Nxd4 16. cxd4 Qf5 17. d5 Bd7 1/2-1/2

[Event "Hessen-ch MVT"]
[Site "Offenbach"]
[Date "2005.04.02"]
[Round "8"]
[White "Ahrends, Norbert"]
[Black "Hoppe, Michael"]
[Result "1-0"]
[WhiteElo "2049"]
[BlackElo "1737"]
[PlyCount "37"]
[EventDate "2005.03.28"]
[EventType "swiss"]
[EventRounds "9"]
[EventCountry "GER"]
[SourceTitle "EXT 2006"]
[Source "ChessBase"]
[SourceDate "2005.11.24"]
[SourceVersion "1"]
[SourceVersionDate "2005.11.24"]
[SourceQuality "1"]

1. d4 d5 2. c4 c6 3. Nc3 Nf6 4. Nf3 Bf5 5. cxd5 Nxd5 6. Qb3 Nxc3 7. bxc3 b6 8. Bg5 g6 9. e3 Be6 10. Qa3 Nd7 11. Ba6 c5 12. Bb7 Rb8 13. Bc6 f6 14. Bf4 Rc8 15. d5 Bg4 16. Nd2 e5 17. Bg3 Rc7 18. Qa4 Kf7 19. Qxg4 1-0

[Event "Hessen-ch MVT"]
[Site "Offenbach"]
[Date "2005.04.01"]
[Round "7"]
[White "Kartmann, Juergen"]
[Black "Hoppe, Michael"]
[Result "1-0"]
[WhiteElo "2067"]
[BlackElo "1737"]
[PlyCount "101"]
[EventDate "2005.03.28"]
[EventType "swiss"]
[EventRounds "9"]
[EventCountry "GER"]
[SourceTitle "EXT 2006"]
[Source "ChessBase"]
[SourceDate "2005.11.24"]
[SourceVersion "1"]
[SourceVersionDate "2005.11.24"]
[SourceQuality "1"]

1. e4 c5 2. c3 d6 3. d4 Nf6 4. Bd3 cxd4 5. cxd4 Nc6 6. Ne2 e6 7. 0-0 Be7 8. Nbc3 0-0 9. h3 Bd7 10. Be3 a6 11. Rc1 Rc8 12. f4 Ne8 13. d5 Nb4 14. Bb1 a5 15. Nd4 e5 16. fxe5 dxe5 17. Nf5 Bg5 18. Qd2 Bxe3+ 19. Qxe3 Bxf5 20. Rxf5 f6 21. Rf2 Nd6 22. a3 Na6 23. Bd3 Nc5 24. Nb5 Nxd3 25. Rxc8 Nxc8 26. Qxd3 Nd6 27. Nxd6 Qxd6 28. Rc2 Rd8 29. Qb5 f5 30. exf5 Qxd5 31. Qxd5+ Rxd5 32. Rc8+ Kf7 33. Rc7+ Kf6 34. Rxb7 e4 35. g4 Rd3 36. Kg2 Ke5 37. Rxg7 Kf4 38. Rxh7 Rd2+ 39. Kf1 Kf3 40. Ke1 e3 41. Re7 Rh2 42. Kd1 Rxh3 43. g5 Rh5 44. f6 Rxg5 45. f7 Rf5 46. b4 axb4 47. axb4 Kf2 48. b5 Rd5+ 49. Kc2 Rf5 50. b6 e2 51. b7 1-0

[Event "Hessen-ch MVT"]
[Site "Offenbach"]
[Date "2005.03.30"]
[Round "4"]
[White "Hoppe, Michael"]
[Black "Raab, Peter"]
[Result "0-1"]
[WhiteElo "1737"]
[BlackElo "2166"]
[PlyCount "38"]
[EventDate "2005.03.28"]
[EventType "swiss"]
[EventRounds "9"]
[EventCountry "GER"]
[SourceTitle "EXT 2006"]
[Source "ChessBase"]
[SourceDate "2005.11.24"]
[SourceVersion "1"]
[SourceVersionDate "2005.11.24"]
[SourceQuality "1"]

1. c4 f5 2. Nc3 Nf6 3. Nf3 g6 4. g3 Bg7 5. Bg2 d6 6. d3 0-0 7. 0-0 Nc6 8. a3 a5 9. e3 e5 10. Qc2 h6 11. b3 g5 12. Ne2 Qe8 13. Bb2 Qh5 14. Ne1 Bd7 15. Qd2 Rae8 16. Nc3 f4 17. exf4 exf4 18. Qd1 Bg4 19. Bf3 Rxe1 0-1